Elaboración de una guía de mantenimiento periódico rutinario para la carpeta asfáltica, tomando como ejemplo el tramo: empalme San Nicolás – el espino 103.00 km. departamentos de Estelí- MadriZ año 2021
El presente estudio tiene como finalidad la elaboración de una guía de mantenimiento en las obras concernientes a la carpeta asfáltica y que brinde, información específica, con instrucciones técnicas; tomando como ejemplo el tramo de carretera Empalme San Nicolás – El Espino. Se espera que al...
| Main Authors: | , , |
|---|---|
| Other Authors: | |
| Format: | Tesis Section = Libro |
| Language: | Undetermined Spanish |
| Published: |
Managua
UNI
2022
|
| Subjects: |
| LEADER | 01610nam a2200277Ia 4500 | ||
|---|---|---|---|
| 008 | 240830s9999 xx 000 0 und d | ||
| 040 | |a BIBLIOTECA-RUPAP Mon 625.76 E82 | ||
| 041 | |a spa | ||
| 082 | |a Mon 625.76 E82 | ||
| 100 | 1 | |a Estrada López, Armando José | |
| 100 | 1 | |b Zerón Baltodano, Christofer Alberto | |
| 100 | 1 | |c Mayorga Quiroz, Víctor Daniel | |
| 245 | 1 | 0 | |a Elaboración de una guía de mantenimiento periódico rutinario para la carpeta asfáltica, tomando como ejemplo el tramo: empalme San Nicolás – el espino 103.00 km. departamentos de Estelí- MadriZ año 2021 |
| 260 | |a Managua |b UNI |c 2022 | ||
| 300 | |a 109 p. :il. | ||
| 500 | |a Contiene: anexos y CD. | ||
| 502 | |a Tesis (Ingeniero Civil) - UNI, 2022. | ||
| 520 | 3 | |a El presente estudio tiene como finalidad la elaboración de una guía de mantenimiento en las obras concernientes a la carpeta asfáltica y que brinde, información específica, con instrucciones técnicas; tomando como ejemplo el tramo de carretera Empalme San Nicolás – El Espino. Se espera que al finiquitar este documento todas las partes involucradas, desde los estudiantes de nuestra prestigiosa alma mater, hasta el personal de construcción y administración puedan seguir cumpliendo con las normas de calidad y continuidad como lo describen los manuales. | |
| 650 | 7 | |a CARRETERAS-NICARAGUA | |
| 650 | 7 | |b CARRETERAS-MANTENIMIENTO Y REPARACION | |
| 650 | 7 | |c MANTENIMIENTO VIAL-NICARAGUA | |
| 650 | 7 | |d CARPETAS ASFALTICAS | |
| 700 | 1 | |a Tutor: |b Juárez Romero, Gioconda Isabel | |
| 942 | |c BK |2 ddc | ||
| 991 | |a TESIS | ||
| 999 | |c 19074 | ||